Responses for show #4830 - Friday, September 16, 2005

David Madden game 19.

Contestants

[<< previous game]

Janet Kaufman, a homemaker from Ijamsville, Maryland

Eric Rosen, a production assistant from Los Angeles, California

David Madden, a student originally from Ridgewood, New Jersey (whose 18-day cash winnings total $413,900)

[next game >>]

Jeopardy! Round responses

REMEMBER SEPTEMBER?
UNLIKELY PRESIDENTIAL SIBLINGS
MYTHELLANEOUS
DOUBLE TALK
YOU AIN'T NOTHIN' BUT A HOUND DOG
THE KING
    $200 9
the Great Fire

Eric
    $200 6
a murmur

Eric
    $200 24
(Eric: What is a sheltie?)

border collie

DavidEric
    $200 23
Charles I

Eric
    $400 10
Moscow

Eric
    $400 28
[The end-of-round signal sounds.]

Gerald & Harrison Ford

Janet
    $400 27
Quetzalcoatl

David
    $400 19
couscous

David
    $1,500 26
(Eric: What are bloodhound and a... blue hound?)

bloodhound & basset hound

Eric
    $400 22
Henry V

Eric
    $600 11
Seoul

David
    $600 25
John & Liv Tyler

Eric
    $600 3
a thread

Triple Stumper
    $600 4
the tsetse fly

David
    $600 21
borzoi

Eric
    $600 17
George VI

David
    $800 12
Begin

David
    $800 5
(David: Who is Jimmy Carter and Billy Carter?)

Jimmy & Rubin Carter

DavidJanet
    $800 1
(Janet: Who is Paris?)
...
(Alex: Because Paris is the guy who spirited her away.)

Menelaus

EricJanet
    $800 8
Lord Haw-Haw

Triple Stumper
    $800 18
a dalmatian

Janet
    $800 15
Edward VI

Eric
    $1000 13
Aristide

David
    $1000 14
Rutherford & Isaac Hayes

David
    $1000 2
(Eric: What is Mexico?)
(David: What is Peru?)

Ireland

DavidEric
Triple Stumper
    $1000 7
a tam-tam

Triple Stumper
    $1000 20
the harrier

Triple Stumper
    $1000 16
(Eric: Who is Louis XIV?)

George I

DavidEric

Scores at the first commercial break (after clue 14):

David Eric Janet
$2,200 $600 $0

Scores at the end of the Jeopardy! Round:

David Eric Janet
$4,800 $500 $1,200

Double Jeopardy! Round responses

PHYSICS
MY FEAR LADY
AROUND THE WORLD
BEST "WESTERN"
LET'S SPICE IT UP A BIT
LITERARY EROTICA
    $400 24
(Alex: Less than a minute.)

phases

Eric
    $400 8
Bonnie (Parker)

Eric
    $400 1
Sweden

David
    $400 13
a Western Omelet

Eric
    $400 19
vanilla

David
    $400 21
the Kama Sutra

Janet
    $800 25
(Janet: What is weight?)

gravity

DavidJanet
    $800 9
Fatal Attraction

Janet
    $800 18
jellyfish

David
    $800 14
Western Union

David
    $800 22
(Janet: What is pepper?)

ginger

Janet
Triple Stumper
    $800 26
Dr. Ruth

Janet
    $1200 28
friction

Eric
    $1200 10
(Alex: Still makes us laugh. David?)
(David: What is Blazing Saddles?)

Young Frankenstein

DavidJanet
    $4,200 3
Knightsbridge

David
    $1200 4
Western Australia

David
    $1200 23
cinnamon

Triple Stumper
    $1200 15
Story of O

Triple Stumper
    $1600 29
[The end-of-round signal sounds.]

blue

Triple Stumper
    $1600 11
Misery

Janet
    $1600 2
Sachertorte

David
    $1600 5
the Western Wall

David
    $2,600 16
paprika

David
    $1600 7
(Anais) Nin

Janet
    $2000 12
Lady Macbeth

Janet
    $2000 17
Willemstad

David
    $2000 6
Western Meadowlark

David
    $2000 27
turmeric

Triple Stumper
    $2000 20
Ovid

David

Scores at the end of the Double Jeopardy! Round:

David Eric Janet
$24,000 $2,900 $8,000
(lock game)

[wagering suggestions for these scores]

Final Jeopardy! Round responses

20th CENTURY WOMEN
(Alex: The system, of course, is Social Security. But who was the woman who was involved in the beginnings of that?)
...
(Alex: No, it was [*], the Labor Secretary under FDR.)
EricWho Hillary Clinton?
$0
JanetWho is Eleanor Roosevelt?
$2,000
DavidWho is Eleanor Roosevelt
$7,500
Frances Perkins

Final scores:

David Eric Janet
$16,500 $2,900 $6,000
19-day champion: $430,400 3rd place: $1,000 2nd place: $2,000

Game dynamics:

Coryat scores:

David Eric Janet
$20,000 $4,400 $8,000
23 R
(including 2 DDs),
3 W
13 R,
4 W
(including 1 DD)
10 R,
3 W

Combined Coryat: $32,400

The J! Archive is created by fans, for fans. The Jeopardy! game show and all elements thereof, including but not limited to copyright and trademark thereto, are the property of Jeopardy Productions, Inc. and are protected under law. This website is not affiliated with, sponsored by, or operated by Jeopardy Productions, Inc. Join the discussion at JBoard.tv.